| 000 | 00383nam a22001577a 4500 | ||
|---|---|---|---|
| 003 | OSt | ||
| 008 | 240403b |||||||| |||| 00| 0 eng d | ||
| 020 | _a9788121943017 | ||
| 100 | _aGUPTA, C.B | ||
| 245 | _aTEXTBOOK OF ORGANISATIONAL BEHAVIOUR | ||
| 250 | _a1st | ||
| 260 |
_aNew Delhi _bS.Chand _c2023 |
||
| 300 | _axxii,306 | ||
| 650 | _aPHARMACY GENERAL BOOKS | ||
| 942 |
_2ddc _cBK |
||
| 999 |
_c12384 _d12384 |
||